| 000 | 00768nam a2200229 4500 | ||
|---|---|---|---|
| 999 |
_c13730 _d13730 |
||
| 003 | MIRAKIL | ||
| 005 | 20200122152202.0 | ||
| 008 | 200122b tu ||||| |||| 00| 0 tur d | ||
| 020 | _a9786055847258 | ||
| 040 |
_aTR-AnCHP _cTR-AnCHP |
||
| 041 | _atur | ||
| 082 |
_a923.2 _bB29i 2019 |
||
| 100 | _aBayrak, Murat | ||
| 245 | 1 | 0 |
_aİdeallerin peşinde bir ömür/ _cMurat Bayrak; yayına hazırlayan Mehmet Altun. |
| 260 |
_aİstanbul: _bKurumsal Yayınlar, _c2019. |
||
| 300 |
_a243 s.: _bfotg., _c29 sm. |
||
| 600 | 0 |
_96230 _aBayrak, Murat _cSiyasetçi - İşadamı _d1917-2015 _xYaşamöyküsü |
|
| 650 | 0 |
_95055 _aSiyasetçiler _xTürkiye |
|
| 650 | 0 |
_96231 _aİşadamları _xYaşamöyküsü _zTürkiye |
|
| 700 | 1 |
_91339 _aAltun, Mehmet _eyay. haz. |
|
| 942 |
_2ddc _cBKS |
||